[Event "AUTO-ADV-1951"]
[Site "http://www.queenalice.com/game.php?id=872600"]
[Date "2010.12.16"]
[Round "2"]
[White "tucuman"]
[Black "scaramouche"]
[Result "0-1"]
[WhiteElo "1636"]
[BlackElo "1818"]

1. e4 e5 2. c4 c5 3. d3 Nf6 4. h3 Nc6 5. a3 Be7 6. Nc3 O-O 7. Nf3 d6 8. Be2 a6
9. Bd2 b6 10. Qc2 Nd4 11. Nxd4 cxd4 12. Nd1 a5 13. f3 Bb7 14. Nf2 h6 15. g4 Nh7
16. O-O-O b5 17. Kb1 bxc4 18. Qxc4 d5 19. exd5 Bxd5 20. Qb5 Bxa3 21. Qa4 Bb4 22.
Bxb4 axb4 23. Qxb4 Ba2+ 24. Kc2 Rb8 25. Qa3 Bb3+ 26. Kb1 Bxd1 27. Rxd1 Rb6 28.
Rd2 Nf6 29. Rc2 Nd5 30. Ne4 Qb8 31. h4 Nf4 32. h5 Rc8 33. g5 Rxc2 34. Kxc2 Nxe2
35. Nc5 hxg5 36. Nd7 Qc7+ 37. Kd2 Qxd7 38. Kxe2 Qb7 39. Kf2 Rxb2+ 40. Kf1 Qxf3+
41. Ke1 Qe2# 0-1

[Event "AUTO-ADV-1951"]
[Site "http://www.queenalice.com/game.php?id=872601"]
[Date "2010.12.16"]
[Round "2"]
[White "scaramouche"]
[Black "serrameira"]
[Result "0-1"]
[WhiteElo "1822"]
[BlackElo "1927"]

1. c4 c5 2. Nc3 Nc6 3. e3 g6 4. b3 Bg7 5. Bb2 Nf6 6. Nf3 e5 7. e4 O-O 8. d3 d6
9. Be2 Re8 10. O-O a6 11. Nd5 Nxd5 12. cxd5 Ne7 13. Bc1 b5 14. Bg5 Bg4 15. Bxe7
Rxe7 16. Rb1 b4 17. h3 Bd7 18. Nh2 Qa5 19. Qd2 Qd8 20. Ng4 Qf8 21. f4 a5 22.
fxe5 Bxe5 23. Nf6+ Bxf6 24. Rxf6 Ra6 25. d4 Ra7 26. dxc5 dxc5 27. Bf3 Re5 28.
Rf1 Bb5 29. Re1 Qe7 30. Rb6 Bd7 31. Rb8+ Kg7 32. d6 Qf6 33. Rf1 Re6 34. Bg4 Rxd6
35. Qe3 Qd4 36. Qxd4+ cxd4 37. Bxd7 Rdxd7 38. Re8 Re7 39. Rxe7 Rxe7 40. Re1 f6
41. Kf2 Kf7 42. Kf3 Ke6 43. Rd1 Ke5 44. Rd3 Rc7 45. Rd2 Rc3+ 46. Kf2 Kxe4 47. g3
d3 0-1

[Event "AUTO-ADV-1951"]
[Site "http://www.queenalice.com/game.php?id=872602"]
[Date "2010.12.16"]
[Round "2"]
[White "serrameira"]
[Black "scaramouche"]
[Result "1-0"]
[WhiteElo "1916"]
[BlackElo "1831"]

1. e4 e5 2. Nf3 d6 3. Bc4 h6 4. d4 exd4 5. Nxd4 c5 6. Qf3 Nf6 7. Ne2 Be7 8. h3
O-O 9. Nbc3 Nc6 10. Nd5 Nxd5 11. Bxd5 Ne5 12. Qg3 Bh4 13. Qb3 Qf6 14. O-O Qg6
15. Nf4 Qh7 16. c4 b6 17. Bxa8 Bd7 18. Bd5 Kh8 19. Nd3 Nf3+ 20. Kh1 Nd4 21. Qd1
Qg6 22. Nf4 Qf6 23. Nh5 Qe7 24. Nf4 g5 25. Ne2 g4 26. Nxd4 gxh3 27. g3 Bg5 28.
f4 Be6 29. Nxe6 fxe6 30. fxg5 exd5 31. Rxf8+ Qxf8 32. Bf4 1-0

[Event "AUTO-ADV-1951"]
[Site "http://www.queenalice.com/game.php?id=872603"]
[Date "2010.12.16"]
[Round "2"]
[White "scaramouche"]
[Black "BboyH"]
[Result "1/2-1/2"]
[WhiteElo "1843"]
[BlackElo "1907"]

1. c4 c5 2. Nc3 e5 3. e4 d6 4. Nf3 Nc6 5. d3 h6 6. Be2 Nf6 7. O-O Be7 8. a3 O-O
9. h3 Nd4 10. Nxd4 cxd4 11. Nd5 Be6 12. Nxe7+ Qxe7 13. f4 Nh7 14. f5 Bd7 15. b4
a6 16. Qe1 b5 17. cxb5 axb5 18. Qg3 f6 19. Bxh6 Rac8 20. Rac1 Rc6 21. Rxc6 Bxc6
22. Bh5 Be8 23. Bxe8 Rxe8 24. Bd2 Rc8 25. Rc1 Ra8 26. Ra1 Qf7 27. h4 Qh5 28. Qf2
Qf7 29. g3 1/2-1/2

[Event "AUTO-ADV-1951"]
[Site "http://www.queenalice.com/game.php?id=872604"]
[Date "2010.12.16"]
[Round "2"]
[White "BboyH"]
[Black "scaramouche"]
[Result "1-0"]
[WhiteElo "1880"]
[BlackElo "1846"]

1. d4 d5 2. c4 dxc4 3. e4 e6 4. Bxc4 g6 5. Nc3 Bg7 6. Nf3 Ne7 7. Bg5 O-O 8. e5
f6 9. exf6 Bxf6 10. Bxf6 Rxf6 11. Ne5 Qf8 12. Ne4 Rf5 13. Qb3 Rxe5 14. dxe5 Qf5
15. Nf6+ Kf7 16. Qc3 Nbc6 17. Bd3 Qxe5+ 18. Ne4 Nd4 19. f4 Qd5 20. Ng5+ Kg8 21.
O-O c5 22. Bc4 Qc6 23. Rae1 Nd5 24. Qh3 h5 25. g4 b5 26. Qd3 Kg7 27. gxh5 Nf5
28. Bxb5 Qd6 29. Re4 Nd4 30. Be8 Ba6 31. h6+ Kf6 32. Rxe6+ Nxe6 33. Qxg6+ Ke7
34. Qf7+ Kd8 35. Nxe6+ Kc8 36. Rc1 c4 37. h7 1-0

[Event "Challenge"]
[Site "http://www.queenalice.com/game.php?id=873943"]
[Date "2010.12.19"]
[Round "-"]
[White "Ebbe"]
[Black "scaramouche"]
[Result "1-0"]
[WhiteElo "1966"]
[BlackElo "1810"]

1. e4 e5 2. Nf3 Nc6 3. Bc4 h6 4. d3 Nf6 5. O-O d6 6. h3 Be7 7. Nc3 O-O 8. d4
exd4 9. Nxd4 Ne5 10. Be2 a6 11. Bf3 c5 12. Nf5 Bxf5 13. exf5 Rb8 14. Bf4 Qd7 15.
Bxe5 dxe5 16. Qxd7 Nxd7 17. Rad1 Nf6 18. b3 b6 19. Nd5 Nxd5 20. Bxd5 Bf6 21. c4
b5 22. a3 b4 23. a4 a5 24. Be4 Rbd8 25. Bd5 Kh8 26. f4 exf4 27. Rxf4 g5 28. Re4
Bd4+ 29. Kh1 f6 30. Rde1 Be5 31. h4 gxh4 32. Rxh4 Kg7 33. Rg4+ Kh7 34. Re3 Rd7
35. Rh3 Rg7 36. Rgh4 Rff7 37. Bxf7 Rxf7 38. Rxh6+ Kg8 39. Rh8+ 1-0

[Event "Challenge"]
[Site "http://www.queenalice.com/game.php?id=887299"]
[Date "2011.1.17"]
[Round "-"]
[White "ORNELAS"]
[Black "scaramouche"]
[Result "0-1"]
[WhiteElo "1604"]
[BlackElo "1785"]

1. b3 e5 2. d4 exd4 3. Qxd4 Nc6 4. Qe3+ Be7 5. Bb2 Nf6 6. Bxf6 gxf6 7. g3 b6 8.
Bg2 Bb7 9. Nf3 d6 10. Nh4 Qd7 11. c3 O-O-O 12. a4 Na5 13. Bxb7+ Nxb7 14. a5 Kb8
15. axb6 cxb6 16. O-O Nc5 17. c4 Rhg8 18. Ra3 d5 19. cxd5 Bd6 20. b4 Nb7 21. Qd2
f5 22. e3 Be7 23. Ng2 h5 24. Ra6 Qxd5 25. Qc1 Bxb4 26. Nc3 Bxc3 27. Qxc3 Rc8 28.
Qa3 Na5 29. Ra1 Kb7 30. Rxa5 bxa5 31. Rb1+ Ka8 32. Nf4 Qd2 33. Qe7 Rc1+ 34. Rxc1
Qxc1+ 35. Kg2 Qc6+ 36. Kh3 Qc4 37. Qf6 a4 38. Qxf5 a3 39. Qxh5 a2 40. Qh7 Rc8
41. Qf5 a1=Q 42. Nd5 Qaf1# 0-1

[Event "En Garde"]
[Site "http://www.queenalice.com/game.php?id=895437"]
[Date "2011.2.3"]
[Round "-"]
[White "scaramouche"]
[Black "Fafner"]
[Result "0-1"]
[WhiteElo "1784"]
[BlackElo "2052"]

1. e4 c6 2. c3 d5 3. exd5 cxd5 4. d4 Bf5 5. Nf3 Nc6 6. Bd3 Bxd3 7. Qxd3 e6 8.
O-O Nf6 9. Bg5 Be7 10. Nbd2 Qc7 11. g3 h6 12. Bf4 Bd6 13. Bxd6 Qxd6 14. Rae1 O-O
15. Nb3 Rac8 16. Ne5 Qc7 17. a3 a6 18. Nc5 Nxe5 19. dxe5 Nd7 20. Nxd7 Qxd7 21.
Rc1 Rfd8 22. Qd4 Qb5 23. Rc2 Rc4 24. Qd2 Qa4 25. Rd1 Re4 26. f4 d4 27. Rcc1 d3
28. Re1 Qc6 29. Rxe4 Qxe4 30. Re1 Qf3 31. Re3 Qxe3+ 32. Qxe3 d2 0-1

[Event "En Garde"]
[Site "http://www.queenalice.com/game.php?id=895438"]
[Date "2011.2.3"]
[Round "-"]
[White "Fafner"]
[Black "scaramouche"]
[Result "1-0"]
[WhiteElo "2027"]
[BlackElo "1792"]

1. e4 e5 2. f4 exf4 3. Nf3 d6 4. Bc4 Be6 5. Bxe6 fxe6 6. d4 g5 7. h4 Be7 8. Nxg5
Bxg5 9. Qh5+ Kd7 10. hxg5 Qf8 11. O-O Ne7 12. Bxf4 Qg7 13. Nc3 Qxd4+ 14. Kh1
Nbc6 15. Rad1 Qg7 16. Nb5 e5 17. Qh3+ Kd8 18. Nxd6 cxd6 19. Rxd6+ Ke8 20. Qd7+
1-0

[Event "AUTO-ADV-2066"]
[Site "http://www.queenalice.com/game.php?id=898189"]
[Date "2011.2.9"]
[Round "1"]
[White "Amethystium"]
[Black "scaramouche"]
[Result "1-0"]
[WhiteElo "1974"]
[BlackElo "1779"]

1. e4 c5 2. Nf3 Nc6 3. d4 cxd4 4. Nxd4 e5 5. Nb5 d6 6. N1c3 a6 7. Na3 Nf6 8. Bg5
Be7 9. Bxf6 Bxf6 10. Nd5 O-O 11. Be2 g6 12. Nc4 Bg7 13. Ndb6 Rb8 14. Qxd6 Qxd6
15. Nxd6 Rd8 16. Ndxc8 Rbxc8 17. Nxc8 Rxc8 18. O-O-O Bh6+ 19. Kb1 Nd4 20. Bd3 b5
21. c3 Ne6 22. g3 Nc5 23. Bc2 Kg7 24. Rd5 f6 25. b4 Na4 26. Bxa4 bxa4 27. Kc2
Rc6 28. Rhd1 g5 29. Rd6 Rxd6 30. Rxd6 Kg6 31. Rxa6 g4 32. Rxa4 f5 33. Ra6+ 1-0

[Event "AUTO-ADV-2066"]
[Site "http://www.queenalice.com/game.php?id=898190"]
[Date "2011.2.9"]
[Round "1"]
[White "scaramouche"]
[Black "Amethystium"]
[Result "0-1"]
[WhiteElo "1794"]
[BlackElo "1952"]

1. e4 e5 2. f4 d5 3. Nf3 exf4 4. d4 dxe4 5. Qe2 Qe7 6. Ne5 e3 7. g3 g5 8. gxf4
gxf4 9. Qh5 Nf6 10. Qh4 Nd5 11. Qh5 Nc6 12. Nxc6 bxc6 13. Nc3 Be6 14. Bg2 O-O-O
15. Ne2 Rg8 16. Bh3 Nf6 17. Bxe6+ fxe6 18. Qa5 Nd5 19. h4 Qb4+ 20. Qxb4 Bxb4+
21. c3 Bd6 22. b3 f3 23. Kf1 fxe2+ 24. Kxe2 Rg2+ 25. Kd3 Nf4+ 26. Kc4 Nd5 27.
Kd3 Rf8 28. c4 Nb4+ 29. Kc3 Rc2# 0-1

[Event "AUTO-ADV-2066"]
[Site "http://www.queenalice.com/game.php?id=898201"]
[Date "2011.2.9"]
[Round "1"]
[White "Aguinaldo"]
[Black "scaramouche"]
[Result "1/2-1/2"]
[WhiteElo "1791"]
[BlackElo "1770"]

1. e4 e5 2. Nf3 d6 3. Bb5+ Bd7 4. Qe2 a6 5. Bxd7+ Nxd7 6. d3 Ngf6 7. Bg5 Be7 8.
Nc3 O-O 9. Bxf6 Nxf6 10. O-O h6 11. a3 c6 12. Nh4 Nxe4 13. dxe4 Bxh4 14. g3 Bg5
15. h4 Be7 16. b4 Qd7 17. Rad1 f5 18. exf5 Qxf5 19. Ne4 d5 20. Nc3 d4 21. Ne4
Kh8 22. c3 dxc3 23. Nxc3 Rad8 24. Rxd8 Rxd8 25. Qe4 Qf6 26. f4 Bd6 27. fxe5 Qxe5
28. Qxe5 Bxe5 29. Na4 b5 30. Nc5 Bd4+ 31. Kg2 Bxc5 32. bxc5 Rd3 33. a4 bxa4 34.
Ra1 a3 35. Kh3 Rc3 36. Kg4 Kh7 37. h5 g6 38. hxg6+ Kxg6 39. Kh4 a5 40. Ra2 a4
41. Kg4 h5+ 42. Kh4 Rc4+ 43. Kh3 Rc3 44. Kh4 Rc1 45. Kh3 Rc3 46. Kh4 Rxc5 47.
Rxa3 Rc4+ 48. Kh3 c5 49. Kg2 h4 50. gxh4 Rxh4 51. Kf2 Kg5 52. Ke2 Rc4 53. Kd3
Rb4 54. Kc3 Kf4 55. Kd3 Ke5 56. Kc3 Kd5 57. Ra1 Rc4+ 58. Kb2 Kd4 59. Rd1+ Ke3
60. Ka3 Ke2 61. Rd6 Rd4 62. Rc6 Rc4 63. Rd6 Rb4 64. Rd5 Rc4 65. Rd6 Rh4 66. Rd5
c4 67. Kxa4 c3+ 68. Kb3 Rh3 69. Kc2 Re3 70. Rd4 1/2-1/2

[Event "AUTO-ADV-2066"]
[Site "http://www.queenalice.com/game.php?id=898202"]
[Date "2011.2.9"]
[Round "1"]
[White "scaramouche"]
[Black "Aguinaldo"]
[Result "1/2-1/2"]
[WhiteElo "1771"]
[BlackElo "1754"]

1. d4 e6 2. c4 Bb4+ 3. Bd2 Qe7 4. Nc3 Nf6 5. Nf3 Bxc3 6. Bxc3 Ne4 7. e3 Nxc3 8.
bxc3 O-O 9. Bd3 Nc6 10. O-O h6 11. e4 e5 12. d5 Na5 13. h3 d6 14. Rb1 b6 15. Re1
Ba6 16. Nd2 c5 17. Qf3 Qg5 18. Re3 Qf4 19. Qe2 Bc8 20. Rf3 Qg5 21. Rg3 Qh4 22.
Nf3 Qf4 23. Nh2 f6 24. Nf3 h5 25. Qe3 Qxe3 26. fxe3 Kh7 27. Nh4 g5 28. Nf5 Bxf5
29. exf5 Rae8 30. e4 Rf7 31. Be2 Kh6 32. Rf3 g4 33. hxg4 h4 34. Kh2 Kg5 35. Kh3
Rh8 36. a4 Rg7 37. Bd3 1/2-1/2

[Event "AUTO-ADV-2066"]
[Site "http://www.queenalice.com/game.php?id=898209"]
[Date "2011.2.9"]
[Round "1"]
[White "scaramouche"]
[Black "yeye2"]
[Result "0-1"]
[WhiteElo "1766"]
[BlackElo "1668"]

1. c4 d5 2. cxd5 Qxd5 3. Nc3 Qf5 4. Nf3 Nf6 5. d3 Qc5 6. Be3 Qb4 7. Qa4+ Nc6 8.
Qxb4 Nxb4 9. O-O-O Be6 10. b3 Ng4 11. h3 Nxe3 12. fxe3 O-O-O 13. Kb2 f6 14. a3
Nd5 15. Nxd5 Bxd5 16. e4 Bc6 17. e3 Bxe4 18. Nd4 Bd5 19. e4 e5 20. Nb5 Bxe4 21.
Nxa7+ Kb8 22. Nb5 Be7 23. Nc3 Bg6 24. b4 c6 25. Be2 Rd4 26. h4 Rhd8 27. Kc2 Kc7
28. g4 b6 29. h5 Bf7 30. Ra1 b5 31. Rhb1 Kb6 32. Ne4 Rc8 33. Kc3 c5 34. bxc5+
Bxc5 35. Nxc5 Rxc5+ 36. Kd2 Be6 37. a4 Bxg4 38. Rxb5+ Rxb5 39. axb5 Bxe2 40.
Kxe2 Kxb5 41. Ra7 Rh4 42. Rxg7 Rxh5 43. Rb7+ Kc6 44. Rf7 f5 45. Rf6+ Kd5 46. Ra6
e4 47. dxe4+ Kxe4 48. Ra4+ Ke5 49. Ra5+ Kf4 50. Ra4+ Kg3 51. Ra3+ Kg4 52. Kf2
Kg5 53. Rg3+ Kf6 54. Kf3 Rh4 55. Rg8 h5 56. Rf8+ Ke5 57. Re8+ Kf6 58. Rf8+ Kg6
59. Kg3 Rg4+ 60. Kf2 h4 61. Rg8+ Kh5 62. Rh8+ Kg5 63. Rg8+ Kf4 64. Rxg4+ fxg4
65. Kg2 g3 66. Kh1 h3 67. Kg1 Kf3 68. Kh1 g2+ 69. Kh2 Kf2 0-1

[Event "AUTO-ADV-2066"]
[Site "http://www.queenalice.com/game.php?id=898210"]
[Date "2011.2.9"]
[Round "1"]
[White "yeye2"]
[Black "scaramouche"]
[Result "1/2-1/2"]
[WhiteElo "1639"]
[BlackElo "1771"]

1. e4 c6 2. d4 d5 3. f3 e6 4. Bf4 Bb4+ 5. c3 Bd6 6. Bxd6 Qxd6 7. Qc2 Ne7 8. Bd3
O-O 9. e5 Qd7 10. Bxh7+ Kh8 11. g4 g6 12. Bxg6 Nxg6 13. Nh3 Qe7 14. Na3 Qh4+ 15.
Nf2 Rg8 16. O-O-O Nd7 17. Qd2 Kg7 18. f4 b5 19. f5 exf5 20. gxf5 Nf4 21. Rdg1+
Kf8 22. Rxg8+ Kxg8 23. Nd3 Nxd3+ 24. Qxd3 Nb6 25. f6 Qf4+ 26. Kd1 Qg4+ 27. Qe2
Qxe2+ 28. Kxe2 Bf5 29. Kd2 Bg6 30. Nc2 Kf8 31. Ne1 Ke8 32. h4 Bh5 33. Rg1 Kd7
34. Rg5 Rh8 35. Nd3 Nc4+ 36. Kc1 Ne3 37. Nf4 Bf3 38. Rg3 Be4 39. Rxe3 Rxh4 40.
Nd3 Bxd3 41. Rxd3 Ke6 42. Kc2 a5 43. b3 b4 44. Kb2 Rh2+ 45. Kb1 Re2 46. c4 dxc4
47. bxc4 Re4 48. Kb2 a4 49. d5+ cxd5 50. cxd5+ Kd7 51. e6+ fxe6 52. d6 Rf4 53.
f7 Rxf7 54. Rd4 Rf2+ 55. Kb1 b3 56. a3 e5 57. Rxa4 Kxd6 58. Rb4 Rf3 59. a4 Kd5
60. a5 e4 61. Kb2 e3 62. a6 Rf8 63. Rxb3 Kd4 64. Kc2 Rc8+ 65. Kd1 Ra8 66. Ra3
Ke4 67. Ke2 Ra7 68. Ra4+ Kd5 69. Kxe3 Kc5 70. Ke4 Kb6 71. Kd5 Rxa6 72. Rxa6+
1/2-1/2

[Event "Challenge"]
[Site "http://www.queenalice.com/game.php?id=942303"]
[Date "2011.5.25"]
[Round "-"]
[White "scaramouche"]
[Black "Fafner"]
[Result "0-1"]
[WhiteElo "1766"]
[BlackElo "2095"]

1. e4 c6 2. Nc3 d5 3. exd5 cxd5 4. d4 Nf6 5. Be3 Bf5 6. Bd3 Bxd3 7. Qxd3 e6 8.
Nf3 Nc6 9. a3 Bd6 10. O-O a6 11. h3 Qc7 12. Ne2 h6 13. b3 O-O 14. c4 Be7 15. c5
Rac8 16. b4 Na7 17. Nc3 Qb8 18. Ne5 Rfd8 19. Na4 Rc7 20. Nb6 Nc6 21. Bf4 Ne8 22.
Nxc6 bxc6 23. Bxc7 Nxc7 24. Na4 Bf6 25. Nb6 Nb5 26. Ra2 Qb7 27. g4 Nxd4 28. f3
e5 29. Kg2 Ne6 30. Kg3 Qc7 31. Qe3 e4+ 32. f4 g5 33. Raf2 gxf4+ 34. Rxf4 Be5 35.
Kg2 Nxf4+ 36. Kh1 Kg7 37. Rxf4 Bxf4 38. Qd4+ Qe5 39. Qd1 e3 0-1

[Event "Challenge"]
[Site "http://www.queenalice.com/game.php?id=942304"]
[Date "2011.5.25"]
[Round "-"]
[White "Fafner"]
[Black "scaramouche"]
[Result "1-0"]
[WhiteElo "2092"]
[BlackElo "1769"]

1. e4 e5 2. Nc3 d6 3. Bc4 Nf6 4. d3 Nc6 5. Nf3 h6 6. Be3 Be7 7. Qd2 Ng4 8. O-O-O
Nxe3 9. Qxe3 Nd4 10. Kb1 Nxf3 11. Qxf3 O-O 12. h3 Be6 13. Bxe6 fxe6 14. Qg4 Rf6
15. Ne2 Qd7 16. f4 exf4 17. Nxf4 Rxf4 18. Qxf4 Rf8 19. Qg4 Bf6 20. Rdf1 Qe7 21.
Rf2 Bg5 22. Rhf1 Rxf2 23. Rxf2 a6 24. g3 b6 25. h4 Be3 26. Rf3 Bd4 27. Qh5 b5
28. g4 d5 29. exd5 e5 30. g5 hxg5 31. hxg5 g6 32. Qxg6+ Qg7 33. Qe8+ Kh7 34.
Rh3+ 1-0

[Event "Challenge"]
[Site "http://www.queenalice.com/game.php?id=952814"]
[Date "2011.6.22"]
[Round "-"]
[White "TinyDemons"]
[Black "scaramouche"]
[Result "1-0"]
[WhiteElo "1862"]
[BlackElo "1763"]

1. e4 e5 2. Nf3 d6 3. Bb5+ Bd7 4. Bc4 Be6 5. Bxe6 fxe6 6. O-O Nf6 7. d3 h6 8.
Nc3 Be7 9. Be3 Nc6 10. d4 exd4 11. Bxd4 e5 12. Be3 Qd7 13. Qe2 a6 14. Nd5 Nxe4
15. Bxh6 gxh6 16. Qxe4 O-O-O 17. Nd2 Rhg8 18. Nc4 Rg4 19. Qd3 Rxc4 20. Nxe7+
Nxe7 21. Qxc4 d5 22. Qe2 Qf5 23. h3 Ng6 24. Qg4 Qxg4 25. hxg4 c6 26. Rad1 Kc7
27. Rd3 b5 28. b4 Nf4 29. Ra3 Kb6 30. Re1 e4 31. Kh2 Rg8 32. Kg3 Nh5+ 33. Kh4
Nf6 34. f3 exf3 35. gxf3 Rd8 36. Re6 Nh7 37. Rc3 1-0

[Event "Challenge"]
[Site "http://www.queenalice.com/game.php?id=952815"]
[Date "2011.6.22"]
[Round "-"]
[White "scaramouche"]
[Black "TinyDemons"]
[Result "1-0"]
[WhiteElo "1746"]
[BlackElo "1930"]

1. c4 e5 2. Nc3 Nf6 3. e4 Bb4 4. d3 Bxc3+ 5. bxc3 d6 6. h3 O-O 7. Nf3 Nc6 8. Be2
b6 9. O-O Bb7 10. Bg5 h6 11. Be3 Bc8 12. Qd2 Nh5 13. d4 f5 14. exf5 Bxf5 15.
dxe5 dxe5 16. Qd5+ Qxd5 17. cxd5 Ne7 18. Nxe5 Nxd5 19. Bxh5 Nf6 20. Bf3 Rae8 21.
Nc6 a5 22. Bf4 1-0

[Event "Challenge"]
[Site "http://www.queenalice.com/game.php?id=966205"]
[Date "2011.7.29"]
[Round "-"]
[White "Kingfish"]
[Black "scaramouche"]
[Result "1/2-1/2"]
[WhiteElo "1837"]
[BlackElo "1754"]

1. c4 e5 2. g3 Nc6 3. Bg2 Bc5 4. e3 d6 5. Ne2 Bd7 6. O-O Nf6 7. Nbc3 a6 8. d4
exd4 9. exd4 Ba7 10. d5 Ne5 11. b3 O-O 12. Bf4 Ng6 13. Bg5 h6 14. Be3 c6 15.
Bxa7 Rxa7 16. dxc6 Bxc6 17. Qd4 Ra8 18. Rad1 Bxg2 19. Kxg2 b5 20. cxb5 axb5 21.
a4 bxa4 22. bxa4 Ra6 23. Nb5 d5 24. Nec3 Ne7 25. Rfe1 Nc6 26. Qc5 Re8 27. Rxe8+
Nxe8 28. Nxd5 Qa5 29. Ndc3 Nb4 30. Qc8 Ra8 31. Qc5 1/2-1/2

[Event "Challenge"]
[Site "http://www.queenalice.com/game.php?id=966206"]
[Date "2011.7.29"]
[Round "-"]
[White "scaramouche"]
[Black "Kingfish"]
[Result "1/2-1/2"]
[WhiteElo "1751"]
[BlackElo "1837"]

1. e4 Nf6 2. e5 Nd5 3. d4 d6 4. c4 Nb6 5. exd6 exd6 6. Nc3 Be7 7. Nf3 h6 8. Be2
O-O 9. O-O Nc6 10. h3 Bf6 11. Be3 d5 12. c5 Nd7 13. Nxd5 Ne7 14. Nxf6+ Nxf6 15.
Qc1 Nf5 16. g4 Nxe3 17. Qxe3 c6 18. Bc4 Nd7 19. b4 Re8 20. Qf4 Qf6 21. Qxf6 Nxf6
22. Ne5 Be6 23. f4 Bxc4 24. Nxc4 Rad8 25. Nd6 Re7 26. Rad1 Ne4 27. Nxe4 Rxe4 28.
a3 Rexd4 29. Rxd4 Rxd4 1/2-1/2

[Event "BBoy vs the 'mouche "]
[Site "http://www.queenalice.com/game.php?id=975252"]
[Date "2011.8.21"]
[Round "-"]
[White "BboyH"]
[Black "scaramouche"]
[Result "0-1"]
[WhiteElo "1874"]
[BlackElo "1712"]

1. d4 d5 2. c4 dxc4 3. e4 e6 4. a3 b6 5. Bxc4 Bb7 6. Nc3 g6 7. Nf3 Bg7 8. e5 Ne7
9. Bg5 O-O 10. O-O h6 11. Bh4 Nbc6 12. Re1 Qd7 13. Ne4 g5 14. Bg3 Nd5 15. Bxd5
Qxd5 16. Nf6+ Bxf6 17. exf6 g4 18. Ne5 h5 19. Qd2 Nxe5 20. Qg5+ Ng6 21. Qh6
Qxg2# 0-1